| 000 | 01108cam a2200313 a 4500 | ||
|---|---|---|---|
| 001 | 000013449 | ||
| 005 | 20200929163231.0 | ||
| 008 | 020605s2001 ve a 001 0 spa d | ||
| 020 | _a9803171798 | ||
| 035 | _a(CSt)(Sirsi)a4735533 | ||
| 035 | _a(CStRLIN)CSUGA4735533-B | ||
| 040 |
_aDO-SdBNP _$cEL _$dNOC _dCSt _dDLC |
||
| 042 | _alccopycat | ||
| 043 | _acl----- | ||
| 050 | 0 | 0 |
_aJL959.5.D42 _bM47 2001 |
| 082 |
_annn _bM553 |
||
| 245 | 0 | 0 |
_aMercados globales y gobernabilidad local : _bretos para la descentralizació / _cHans Jürgen Burchardt, Haroldo Dilla Alfonso, editores. |
| 260 |
_aCaracas : _bNueva Sociedad, _c2001. |
||
| 300 |
_a227 p. : _bil. ; _c23 cm. |
||
| 504 | _aIncluye referencias bibliografical. | ||
| 650 | 0 |
_aDecentralization in government _zLatin America. _930710 |
|
| 650 | 0 |
_aGlobalization. _929696 |
|
| 651 | 0 |
_aLatin America _xPolitics And Government _y1980- _930711 |
|
| 651 | 0 |
_aLatin America _xForeign Relations. _930712 |
|
| 700 | 1 |
_aBurchardt, Hans-Jürgen. _930396 |
|
| 700 | 1 |
_aDilla Alfonso, Haroldo. _95199 |
|
| 910 | _aCatalogación por copia/LC | ||
| 049 | _aZ39 | ||
| 999 |
_c13075 _d13075 |
||